[Event "Chess.com Classic Play In"]
[Site "Chess.com INT"]
[Date "2024.05.08"]
[Round "7"]
[White "Christiansen, Johan Sebastian"]
[Black "Mamedov, Rauf"]
[Result "0-1"]
[WhiteElo "2662"]
[BlackElo "2651"]
[PlyCount "92"]
[EventDate "2024.05.08"]
[EventType "swiss (rapid)"]
[EventRounds "9"]
[EventCountry "USA"]
[SourceTitle "CB20_2024"]
[SourceDate "2024.05.16"]
[SourceVersion "1"]
[SourceVersionDate "2024.05.16"]
[SourceQuality "1"]

1. e4 c5 2. Nf3 d6 3. Nc3 Nc6 4. d4 cxd4 5. Nxd4 g6 6. Be3 Bg7 7. Bc4 Nf6 8. Bb3 Ng4 9. Nxc6 bxc6 10. Bd2 h5 11. f3 Ne5 12. Bg5 a5 13. 0-0 Ba6 14. Re1 Nc4 15. Bxc4 Bxc4 16. Qd2 Qb6+ 17. Be3 c5 18. Rab1 a4 19. Nd5 Bxd5 20. exd5 0-0 21. Bh6 Bd4+ 22. Kh1 Rfe8 23. c3 Bf6 24. Re4 Reb8 25. g4 hxg4 26. Rxg4 Qb5 27. h4 Qd7 28. Qd3 Kh7 29. Bg5 Qf5 30. Qxf5 gxf5 31. Rf4 Bxg5 32. hxg5 Kg6 33. Kg2 Kxg5 34. Rc4 Kf6 35. Rh4 Rh8 36. Rbh1 Rxh4 37. Rxh4 Rb8 38. Rxa4 Rxb2+ 39. Kg1 Rc2 40. c4 f4 41. a3 e6 42. Ra6 Ke5 43. Ra7 Rxc4 44. Rxf7 Kxd5 45. Kg2 Ra4 46. Kh3 e5 0-1

[Event "Chess.com Classic Play In"]
[Site "Chess.com INT"]
[Date "2024.05.08"]
[Round "9"]
[White "Yoo, Christopher Woojin"]
[Black "Mamedov, Rauf"]
[Result "0-1"]
[WhiteElo "2600"]
[BlackElo "2651"]
[PlyCount "50"]
[EventDate "2024.05.08"]
[EventType "swiss (rapid)"]
[EventRounds "9"]
[EventCountry "USA"]
[SourceTitle "CB20_2024"]
[SourceDate "2024.05.16"]
[SourceVersion "1"]
[SourceVersionDate "2024.05.16"]
[SourceQuality "1"]

1. d4 d5 2. c4 e6 3. Nc3 c5 4. cxd5 exd5 5. Nf3 Nc6 6. g3 Nf6 7. Bg2 Be7 8. 0-0 0-0 9. dxc5 Bxc5 10. Bg5 d4 11. Bxf6 Qxf6 12. Ne4 Qe7 13. Nxc5 Qxc5 14. Qd2 Bg4 15. Rfd1 Rad8 16. Qf4 Bh5 17. Rd2 Rfe8 18. Rad1 d3 19. Rxd3 Rxd3 20. exd3 Nd4 21. Kh1 Nxf3 22. Bxf3 g5 23. Qf6 Qe5 24. Qxe5 Bxf3+ 25. Kg1 Rxe5 0-1

[Event "Titled Tuesday intern op 02nd Apr Early"]
[Site "Chess.com INT"]
[Date "2024.04.02"]
[Round "7"]
[White "Mamedov, Rauf"]
[Black "Iniyan, Panneerseluam"]
[Result "1-0"]
[WhiteElo "2651"]
[BlackElo "2495"]
[PlyCount "131"]
[EventDate "2024.04.02"]
[EventType "swiss (blitz)"]
[EventRounds "11"]
[EventCountry "USA"]
[SourceTitle "CB15_2024"]
[SourceDate "2024.04.10"]
[SourceVersion "1"]
[SourceVersionDate "2024.04.10"]
[SourceQuality "1"]

1. e4 c5 2. Nf3 d6 3. Nc3 Nf6 4. e5 dxe5 5. Nxe5 e6 6. Bb5+ Nbd7 7. d4 a6 8. Bxd7+ Bxd7 9. Bg5 Be7 10. 0-0 h6 11. Bh4 Rc8 12. Bxf6 gxf6 13. Nxd7 Qxd7 14. d5 h5 15. dxe6 fxe6 16. Qe2 Kf7 17. Rfe1 Qc6 18. Rad1 Rcg8 19. Ne4 f5 20. Nd6+ Kf8 21. g3 Rg6 22. Nxf5 h4 23. Qe5 Rhg8 24. Nxe7 Kxe7 25. Qe4 hxg3 26. fxg3 Qc7 27. Re3 c4 28. Rf1 Qb6 29. Kg2 Qxb2 30. Qxc4 Qb6 31. Rb3 Qc6+ 32. Qxc6 bxc6 33. Rb6 e5 34. Rxa6 Rd6 35. Rf2 Ke6 36. Re2 Re8 37. c4 Kf5 38. c5 Rg6 39. Ra7 e4 40. Rf7+ Ke5 41. Rd7 Rge6 42. h4 Ra8 43. h5 Ra5 44. Rd6 Rxd6 45. cxd6 Kxd6 46. g4 Kd5 47. Kg3 Kd4 48. Kf4 Kd3 49. Re3+ Kd2 50. Rxe4 Rxa2 51. h6 c5 52. h7 Ra8 53. g5 Kd3 54. Re7 Rf8+ 55. Kg4 c4 56. g6 c3 57. Rd7+ Ke2 58. Rc7 Kd2 59. g7 Rd8 60. g8Q Rxg8+ 61. hxg8Q c2 62. Qd5+ Kc1 63. Qd4 Kb1 64. Rb7+ Kc1 65. Qe3+ Kd1 66. Rd7# 1-0

[Event "Titled Tuesday intern op 02nd Apr Early"]
[Site "Chess.com INT"]
[Date "2024.04.02"]
[Round "6"]
[White "Mamedov, Rauf"]
[Black "Mikhailovsky, Vladimir"]
[Result "1/2-1/2"]
[WhiteElo "2651"]
[BlackElo "2215"]
[PlyCount "110"]
[EventDate "2024.04.02"]
[EventType "swiss (blitz)"]
[EventRounds "11"]
[EventCountry "USA"]
[SourceTitle "CB15_2024"]
[SourceDate "2024.04.10"]
[SourceVersion "1"]
[SourceVersionDate "2024.04.10"]
[SourceQuality "1"]

1. e4 e5 2. Nc3 Nf6 3. g3 d5 4. exd5 c6 5. d6 Bxd6 6. Bg2 0-0 7. d3 Re8 8. Nf3 Nbd7 9. 0-0 Nf8 10. Re1 Ng6 11. h3 h6 12. Be3 a5 13. a3 Be6 14. d4 Qc7 15. dxe5 Nxe5 16. Nxe5 Bxe5 17. Bd4 Bxd4 18. Qxd4 Bf5 19. Qc5 Qd7 20. Red1 Qe6 21. Rd6 Qe5 22. Qxe5 Rxe5 23. Rd2 Rae8 24. Kf1 Ne4 25. Bxe4 Bxe4 26. Nxe4 Rxe4 27. Rad1 Kf8 28. Rd7 R4e7 29. a4 f6 30. h4 Kf7 31. c3 h5 32. b4 Ra8 33. Rd8 Rxd8 34. Rxd8 axb4 35. cxb4 Re5 36. Rd7+ Re7 37. Rd4 Kg6 38. Kg2 Kf5 39. Kf3 g5 40. hxg5 fxg5 41. Rc4 g4+ 42. Kg2 Re4 43. Rc5+ Kg6 44. b5 Rxa4 45. bxc6 bxc6 46. Rxc6+ Kg5 47. Rc5+ Kg6 48. Rc6+ Kg5 49. Rc2 Rb4 50. Re2 Rb5 51. Rd2 Rb1 52. Re2 Rc1 53. Rd2 Rb1 54. Re2 Rc1 55. Rd2 Rb1 1/2-1/2

[Event "Titled Tuesday intern op 02nd Apr Early"]
[Site "Chess.com INT"]
[Date "2024.04.02"]
[Round "5"]
[White "Moroni, Luca Jr"]
[Black "Mamedov, Rauf"]
[Result "1/2-1/2"]
[WhiteElo "2580"]
[BlackElo "2651"]
[PlyCount "153"]
[EventDate "2024.04.02"]
[EventType "swiss (blitz)"]
[EventRounds "11"]
[EventCountry "USA"]
[SourceTitle "CB15_2024"]
[SourceDate "2024.04.10"]
[SourceVersion "1"]
[SourceVersionDate "2024.04.10"]
[SourceQuality "1"]

1. d4 d5 2. Bf4 Bf5 3. e3 e6 4. Nf3 Nf6 5. Bd3 Bg6 6. c4 Bb4+ 7. Nc3 Nbd7 8. 0-0 c6 9. Rc1 Bh5 10. Be2 0-0 11. a3 Bxc3 12. Rxc3 Ne4 13. Rc1 Re8 14. h3 h6 15. Bh2 a5 16. Ne5 Bxe2 17. Qxe2 Nxe5 18. Bxe5 a4 19. f3 Nd6 20. Bxd6 Qxd6 21. Rfd1 dxc4 22. Qxc4 Ra5 23. Qb4 Qxb4 24. axb4 Rb5 25. Rc4 Ra8 26. Ra1 Kf8 27. Kf2 Ke7 28. Ke2 h5 29. g4 hxg4 30. hxg4 Rh8 31. Rxa4 Rh2+ 32. Kd3 Rxb2 33. Kc3 Rb1 34. Kc2 Rg1 35. Rc5 Rb6 36. b5 Rg3 37. bxc6 bxc6 38. Ra7+ Kf6 39. Kd3 Rxf3 40. Ke4 Rg3 41. Kf4 Rg1 42. Rc7 Rb2 43. Kf3 Rbb1 44. R5xc6 Rbf1+ 45. Ke2 Re1+ 46. Kf2 Ref1+ 47. Ke2 Ra1 48. Kf3 Rgf1+ 49. Ke2 Rg1 50. Kf3 Kg6 51. d5 Raf1+ 52. Ke2 Re1+ 53. Kf2 Ref1+ 54. Ke2 Re1+ 55. Kf2 Rgf1+ 56. Kg2 Rf6 57. dxe6 fxe6 58. Re7 Rxe3 59. Rcc7 Kg5 60. Rxg7+ Kf4 61. Rc4+ Re4 62. Rxe4+ Kxe4 63. Kg3 e5 64. g5 Rf1 65. Kg4 Rg1+ 66. Kh5 Kf5 67. Rf7+ Ke6 68. Rf6+ Kd5 69. g6 e4 70. Rf8 e3 71. Re8 Kd4 72. Kh6 Kd3 73. g7 e2 74. Kh7 Kd2 75. Rxe2+ Kxe2 76. g8Q Rxg8 77. Kxg8 1/2-1/2

[Event "Bucharest Grand Prix op"]
[Site "Bucharest"]
[Date "2024.03.24"]
[Round "6"]
[White "Jianu, Vlad Cristian"]
[Black "Mamedov, Rauf"]
[Result "0-1"]
[WhiteElo "2491"]
[BlackElo "2651"]
[PlyCount "60"]
[EventDate "2024.03.23"]
[EventType "swiss (rapid)"]
[EventRounds "10"]
[EventCountry "ROU"]
[SourceTitle "CB13_2024"]
[SourceDate "2024.03.27"]
[SourceVersion "1"]
[SourceVersionDate "2024.03.27"]
[SourceQuality "1"]

1. d4 d5 2. Nf3 c5 3. c4 e6 4. cxd5 exd5 5. g3 Nc6 6. Bg2 Nf6 7. 0-0 Be7 8. dxc5 Bxc5 9. Nc3 0-0 10. Na4 Be7 11. Be3 Bg4 12. Rc1 Re8 13. h3 Bh5 14. Nc5 Bxc5 15. Bxc5 Ne4 16. Ba3 Qb6 17. g4 Bg6 18. e3 Rad8 19. Qa4 h5 20. Qb3 Qa6 21. Rfd1 hxg4 22. hxg4 Na5 23. Qa4 b5 24. Qd4 Nc6 25. Rxc6 Qxc6 26. Qxa7 Ra8 27. Qd4 Ra4 28. Qxd5 Qxd5 29. Rxd5 b4 30. Rd4 Rb8 0-1

[Event "Bucharest Grand Prix op"]
[Site "Bucharest"]
[Date "2024.03.24"]
[Round "7"]
[White "Mamedov, Rauf"]
[Black "Kozak, Adam"]
[Result "1/2-1/2"]
[WhiteElo "2651"]
[BlackElo "2607"]
[PlyCount "61"]
[EventDate "2024.03.23"]
[EventType "swiss (rapid)"]
[EventRounds "10"]
[EventCountry "ROU"]
[SourceTitle "CB13_2024"]
[SourceDate "2024.03.27"]
[SourceVersion "1"]
[SourceVersionDate "2024.03.27"]
[SourceQuality "1"]

1. e4 e5 2. Nf3 Nc6 3. Bc4 Bc5 4. Nc3 d6 5. Na4 Qf6 6. Nxc5 dxc5 7. c3 Nge7 8. d3 Bg4 9. h3 Bh5 10. g4 Bg6 11. Be3 0-0-0 12. Qe2 Qd6 13. Nh4 a6 14. 0-0-0 f6 15. Nf5 Bxf5 16. gxf5 g6 17. Qf3 gxf5 18. exf5 Nd5 19. Rhg1 Nf4 20. Kb1 Kb8 21. Bb3 Na5 22. Bxf4 exf4 23. Be6 Nc6 24. Qe4 Ne5 25. Qxf4 Nxd3 26. Qe3 b5 27. c4 Qd4 28. Qxd4 Rxd4 29. cxb5 axb5 30. Rd2 c4 31. Rg7 1/2-1/2

[Event "Chessable Masters Div 2 Win"]
[Site "Chess.com INT"]
[Date "2024.02.02"]
[Round "1.3"]
[White "Mamedov, Rauf"]
[Black "Bok, Benjamin"]
[Result "0-1"]
[WhiteElo "2651"]
[BlackElo "2620"]
[PlyCount "88"]
[EventDate "2024.02.02"]
[EventType "k.o. (rapid)"]
[EventRounds "6"]
[EventCountry "USA"]
[SourceTitle "CB06_2024"]
[SourceDate "2024.02.07"]
[SourceVersion "1"]
[SourceVersionDate "2024.02.07"]
[SourceQuality "1"]

1. e4 e5 2. Nf3 Nc6 3. Bc4 Bc5 4. d3 Nf6 5. c3 d6 6. Nbd2 0-0 7. h3 a5 8. 0-0 Be6 9. Re1 Ba7 10. Bb5 Ne7 11. d4 Ng6 12. Bf1 a4 13. Qc2 c6 14. dxe5 dxe5 15. Nc4 Qc7 16. Be3 b5 17. Bxa7 Rxa7 18. Ne3 h6 19. c4 b4 20. Rad1 Rb8 21. b3 axb3 22. axb3 Ra3 23. Qb1 Nf8 24. Rc1 N8d7 25. Nd5 Qd8 26. Qb2 cxd5 27. cxd5 Nxd5 28. exd5 Bxd5 29. Nxe5 Rxb3 30. Qd4 Nxe5 31. Qxe5 Be6 32. Rc6 Ra3 33. Rd6 Qf8 34. Bd3 Rd8 35. Qe4 Qxd6 36. Qh7+ Kf8 37. Bf5 Qd4 38. Re4 Ra1+ 39. Kh2 Qxf2 40. Bxe6 Qg1+ 41. Kg3 Rd3+ 42. Kh4 Qf2+ 43. Kh5 g6+ 44. Kxh6 Qd2+ 0-1

[Event "Chessable Play In Match D1"]
[Site "Chess.com INT"]
[Date "2024.02.01"]
[Round "1.2"]
[White "Mamedov, Rauf"]
[Black "Anton Guijarro, David"]
[Result "1-0"]
[WhiteElo "2651"]
[BlackElo "2672"]
[PlyCount "49"]
[EventDate "2024.02.01"]
[EventType "k.o. (rapid)"]
[EventRounds "2"]
[EventCountry "USA"]
[SourceTitle "CB06_2024"]
[SourceDate "2024.02.07"]
[SourceVersion "1"]
[SourceVersionDate "2024.02.07"]
[SourceQuality "1"]

1. e4 c6 2. Nf3 d5 3. e5 Bg4 4. Be2 e6 5. 0-0 Ne7 6. d4 c5 7. c3 Nbc6 8. Nbd2 cxd4 9. cxd4 Nf5 10. h3 Bxf3 11. Nxf3 Qb6 12. Kh1 Ncxd4 13. Nxd4 Qxd4 14. Qb3 Qb4 15. Bb5+ Kd8 16. Bg5+ Kc7 17. Qc2+ Kb6 18. Bd3 Nd4 19. Qd1 Kc7 20. a3 Qxb2 21. Qg4 Nc6 22. Rfc1 Qb3 23. Qf3 Bxa3 24. Rab1 Bb2 25. Rc2 1-0

[Event "Chessable Masters Play In"]
[Site "Chess.com INT"]
[Date "2024.01.31"]
[Round "1"]
[White "Mamedov, Rauf"]
[Black "Petrov, Nikita"]
[Result "1-0"]
[WhiteElo "2651"]
[BlackElo "2563"]
[PlyCount "61"]
[EventDate "2024.01.31"]
[EventType "swiss (rapid)"]
[EventRounds "9"]
[EventCountry "USA"]
[SourceTitle "CB06_2024"]
[SourceDate "2024.02.07"]
[SourceVersion "1"]
[SourceVersionDate "2024.02.07"]
[SourceQuality "1"]

1. e4 c5 2. c3 d5 3. exd5 Qxd5 4. d4 Nf6 5. Nf3 Nc6 6. Na3 cxd4 7. Nb5 Qd8 8. Nbxd4 Nxd4 9. Nxd4 Bd7 10. Bf4 Nd5 11. Bg3 e6 12. Bc4 Nb6 13. Bd3 Bc5 14. Be5 Qg5 15. Qe2 Nd5 16. h4 Qh6 17. Nf5 exf5 18. Bxg7+ Qe6 19. Qxe6+ Bxe6 20. Bxh8 f6 21. Bg7 0-0-0 22. Bc4 Rg8 23. 0-0-0 Nf4 24. Bxe6+ Nxe6 25. Bxf6 Bxf2 26. Rhf1 Be3+ 27. Kb1 f4 28. b4 Rxg2 29. Rd6 Ng7 30. Rd8+ Kc7 31. Rg8 1-0

[Event "Wch Blitz"]
[Site "Samarkand"]
[Date "2023.12.30"]
[Round "18"]
[White "Idani, Pouya"]
[Black "Mamedov, Rauf"]
[Result "1/2-1/2"]
[WhiteElo "2602"]
[BlackElo "2651"]
[PlyCount "131"]
[EventDate "2023.12.29"]
[EventType "swiss (blitz)"]
[EventRounds "21"]
[EventCountry "UZB"]
[SourceTitle "CB01_2024"]
[SourceDate "2024.01.03"]
[SourceVersion "1"]
[SourceVersionDate "2024.01.03"]
[SourceQuality "1"]

1. e4 c5 2. Nf3 d6 3. Bb5+ Bd7 4. Bxd7+ Qxd7 5. d4 cxd4 6. Qxd4 Nc6 7. Qd3 g6 8. 0-0 Bg7 9. c4 Nf6 10. Nc3 0-0 11. Bd2 Rfc8 12. b3 Qd8 13. Rad1 a6 14. Rfe1 Rab8 15. a4 Nd7 16. Rb1 Nde5 17. Qe2 Nxf3+ 18. Qxf3 e6 19. Red1 Qe7 20. Bf4 Be5 21. Qe3 Qh4 22. Bg3 Qf6 23. Ne2 Qe7 24. f4 Bg7 25. f5 Ne5 26. fxe6 fxe6 27. Nd4 Rf8 28. Nf3 Rbd8 29. Bxe5 Bxe5 30. Nxe5 dxe5 31. c5 Rf4 32. g3 Rff8 33. b4 Qf6 34. b5 axb5 35. axb5 Rd4 36. Rf1 Qe7 37. Rxf8+ Qxf8 38. Rc1 Qd8 39. c6 bxc6 40. bxc6 Rd1+ 41. Kg2 Rd3 42. Qe1 Rd2+ 43. Kh3 Rd3 44. c7 Qc8 45. Qb4 Rf3 46. Qb8 Rf8 47. Qxc8 Rxc8 48. Kg4 Kg7 49. Rc6 Kf6 50. h4 h5+ 51. Kf3 Ke7 52. g4 Kd7 53. Rc5 Kd6 54. Ra5 Rxc7 55. gxh5 gxh5 56. Ra6+ Ke7 57. Ra8 Rc3+ 58. Kg2 Re3 59. Rh8 Rxe4 60. Rxh5 Kf6 61. Kf3 Rf4+ 62. Ke3 Ra4 63. Rh8 e4 64. Rh5 e5 65. Rh8 Ke6 66. h5 1/2-1/2

[Event "Wch Blitz"]
[Site "Samarkand"]
[Date "2023.12.30"]
[Round "14"]
[White "Mamedov, Rauf"]
[Black "Aronian, Levon"]
[Result "0-1"]
[WhiteElo "2651"]
[BlackElo "2723"]
[PlyCount "102"]
[EventDate "2023.12.29"]
[EventType "swiss (blitz)"]
[EventRounds "21"]
[EventCountry "UZB"]
[SourceTitle "CB01_2024"]
[SourceDate "2024.01.03"]
[SourceVersion "1"]
[SourceVersionDate "2024.01.03"]
[SourceQuality "1"]

1. e4 c5 2. Nf3 e6 3. c3 d5 4. exd5 Qxd5 5. d4 Nf6 6. Na3 Nc6 7. Nb5 Qd8 8. dxc5 Bxc5 9. Qxd8+ Kxd8 10. b4 Be7 11. a3 a6 12. Nbd4 Nxd4 13. Nxd4 Bd7 14. Be2 Nd5 15. c4 Bf6 16. Bb2 Nf4 17. Bf1 Rc8 18. g3 Ng6 19. c5 Ba4 20. Bg2 Kc7 21. Bc3 Rcd8 22. Ne2 Ne5 23. 0-0 Bb5 24. Rfe1 Nd3 25. Reb1 Bc6 26. Bxc6 bxc6 27. Rd1 Rd7 28. a4 Bxc3 29. Nxc3 Nxb4 30. Rxd7+ Kxd7 31. Ne4 Rb8 32. Nd6 f6 33. Nc4 Nd5 34. a5 Rb5 35. Nb6+ Kc7 36. Re1 e5 37. f4 Rxa5 38. fxe5 fxe5 39. Nc4 Rxc5 40. Nxe5 a5 41. Rf1 Nf6 42. Nd3 Rc3 43. Nf4 a4 44. Ne6+ Kb6 45. Nxg7 Nd5 46. Ne6 a3 47. Nd4 c5 48. Rb1+ Nb4 49. Ne2 Rc2 50. Nc1 Rb2 51. Ra1 Nc2 0-1

[Event "Wch Blitz"]
[Site "Samarkand"]
[Date "2023.12.30"]
[Round "21"]
[White "Mamedov, Rauf"]
[Black "Uskov, Artem"]
[Result "1-0"]
[WhiteElo "2651"]
[BlackElo "2392"]
[PlyCount "62"]
[EventDate "2023.12.29"]
[EventType "swiss (blitz)"]
[EventRounds "21"]
[EventCountry "UZB"]
[SourceTitle "CB01_2024"]
[SourceDate "2024.01.03"]
[SourceVersion "1"]
[SourceVersionDate "2024.01.03"]
[SourceQuality "1"]

1. e4 c5 2. Nf3 e6 3. c3 Nf6 4. e5 Nd5 5. a3 Nc6 6. d4 cxd4 7. cxd4 d6 8. Bd3 Be7 9. 0-0 0-0 10. Qc2 h6 11. Qe2 Qe8 12. Nc3 Nxc3 13. bxc3 dxe5 14. dxe5 f5 15. exf6 Bxf6 16. Qe4 Qh5 17. a4 Ne7 18. Ba3 Qf5 19. Qe2 Qd5 20. Rab1 a6 21. Rfd1 Qc6 22. Nd4 Qxa4 23. Bxe7 Bxe7 24. Nxe6 Rf6 25. Nc7 Bc5 26. Kh1 Rb8 27. Nxa6 Ra8 28. Nxc5 Qc6 29. Ne4 Rg6 30. f3 Bf5 31. Ng3 Bxd3 1-0

[Event "Wch Blitz"]
[Site "Samarkand"]
[Date "2023.12.30"]
[Round "12"]
[White "Narayanan, Sunilduth Lyna"]
[Black "Mamedov, Rauf"]
[Result "1/2-1/2"]
[WhiteElo "2677"]
[BlackElo "2651"]
[PlyCount "38"]
[EventDate "2023.12.29"]
[EventType "swiss (blitz)"]
[EventRounds "21"]
[EventCountry "UZB"]
[SourceTitle "CB01_2024"]
[SourceDate "2024.01.03"]
[SourceVersion "1"]
[SourceVersionDate "2024.01.03"]
[SourceQuality "1"]

1. Nf3 c5 2. e4 g6 3. d4 cxd4 4. Qxd4 Nf6 5. Nc3 Nc6 6. Qa4 d6 7. e5 dxe5 8. Nxe5 Bg7 9. Bb5 0-0 10. Nxc6 bxc6 11. Bxc6 Bd7 12. 0-0 Rc8 13. Bxd7 Qxd7 14. Qxd7 Nxd7 15. Nd5 Rxc2 16. Nxe7+ Kh8 17. Be3 Rxb2 18. Rad1 Ne5 19. Bxa7 Rxa2 1/2-1/2

[Event "Wch Blitz"]
[Site "Samarkand"]
[Date "2023.12.29"]
[Round "10"]
[White "Aravindh, Chithambaram VR"]
[Black "Mamedov, Rauf"]
[Result "0-1"]
[WhiteElo "2646"]
[BlackElo "2651"]
[PlyCount "58"]
[EventDate "2023.12.29"]
[EventType "swiss (blitz)"]
[EventRounds "21"]
[EventCountry "UZB"]
[SourceTitle "CB01_2024"]
[SourceDate "2024.01.03"]
[SourceVersion "1"]
[SourceVersionDate "2024.01.03"]
[SourceQuality "1"]

1. d4 d5 2. Nf3 c5 3. c4 e6 4. e3 Nc6 5. Nc3 Nf6 6. a3 a6 7. dxc5 Bxc5 8. b4 Ba7 9. Bb2 0-0 10. Be2 dxc4 11. Qxd8 Rxd8 12. Bxc4 Bd7 13. Be2 Rac8 14. Rc1 Bb8 15. Na4 Ba7 16. Nc5 Bxc5 17. Rxc5 Ne7 18. Rxc8 Rxc8 19. Bd3 Bb5 20. Bxb5 axb5 21. Nd4 e5 22. Nb3 Ng6 23. 0-0 Rc2 24. Ba1 Ra2 25. Na5 Ne4 26. Nxb7 Nxf2 27. Nc5 Ng4 28. Rd1 h5 29. Re1 Nh4 0-1

[Event "Wch Blitz"]
[Site "Samarkand"]
[Date "2023.12.29"]
[Round "4"]
[White "Makhnev, Denis"]
[Black "Mamedov, Rauf"]
[Result "1/2-1/2"]
[WhiteElo "2486"]
[BlackElo "2651"]
[PlyCount "67"]
[EventDate "2023.12.29"]
[EventType "swiss (blitz)"]
[EventRounds "21"]
[EventCountry "UZB"]
[SourceTitle "CB01_2024"]
[SourceDate "2024.01.03"]
[SourceVersion "1"]
[SourceVersionDate "2024.01.03"]
[SourceQuality "1"]

1. d4 d5 2. c4 e6 3. Nc3 c5 4. cxd5 cxd4 5. Qxd4 Nc6 6. Qa4 exd5 7. e3 d4 8. exd4 Qxd4 9. Bb5 Qxa4 10. Bxa4 Bb4 11. Nge2 Nge7 12. a3 Ba5 13. Bf4 Nd5 14. Bd2 Nxc3 15. Bxc6+ bxc6 16. Bxc3 Bb6 17. Nd4 c5 18. Nb5 0-0 19. 0-0-0 Be6 20. Rhe1 Rfd8 21. Rxd8+ Rxd8 22. Rd1 Rxd1+ 23. Kxd1 f6 24. Kd2 Kf7 25. a4 Bd7 26. b3 Ke6 27. Na3 Bc6 28. f3 g5 29. Nc4 Bc7 30. h3 h5 31. Ke2 Bd5 32. Bd2 Bd6 33. Nxd6 Kxd6 34. b4 1/2-1/2

[Event "Wch Blitz"]
[Site "Samarkand"]
[Date "2023.12.29"]
[Round "1"]
[White "Mamedov, Rauf"]
[Black "Karthik, Venkataraman"]
[Result "1/2-1/2"]
[WhiteElo "2651"]
[BlackElo "2609"]
[PlyCount "80"]
[EventDate "2023.12.29"]
[EventType "swiss (blitz)"]
[EventRounds "21"]
[EventCountry "UZB"]
[SourceTitle "CB01_2024"]
[SourceDate "2024.01.03"]
[SourceVersion "1"]
[SourceVersionDate "2024.01.03"]
[SourceQuality "1"]

1. e4 c5 2. Nf3 d6 3. Nc3 Nf6 4. g3 Nc6 5. Bg2 g6 6. 0-0 Bg7 7. d3 Rb8 8. a4 a6 9. Re1 0-0 10. e5 Ne8 11. exd6 Nxd6 12. Bf4 h6 13. Ne5 Nd4 14. Nc4 b5 15. axb5 axb5 16. Nxd6 exd6 17. Ne4 Rb6 18. Nc3 Ne6 19. Bd2 Bb7 20. Nd5 Ra6 21. Rxa6 Bxa6 22. h4 Bb7 23. h5 g5 24. c3 Re8 25. Qb3 Qa5 26. Nf6+ Bxf6 27. Bxb7 Qa4 28. Bd5 Qxb3 29. Bxb3 Nc7 30. Rxe8+ Nxe8 31. Kg2 Nc7 32. Kf3 d5 33. Kg4 c4 34. dxc4 bxc4 35. Bd1 d4 36. Kf5 Kg7 37. cxd4 Bxd4 38. Be2 Nb5 39. Ke4 Bxb2 40. Bxc4 Nd6+ 1/2-1/2

[Event "Wch Blitz"]
[Site "Samarkand"]
[Date "2023.12.29"]
[Round "3"]
[White "Mamedov, Rauf"]
[Black "Ter Sahakyan, Samvel"]
[Result "1-0"]
[WhiteElo "2651"]
[BlackElo "2643"]
[PlyCount "63"]
[EventDate "2023.12.29"]
[EventType "swiss (blitz)"]
[EventRounds "21"]
[EventCountry "UZB"]
[SourceTitle "CB01_2024"]
[SourceDate "2024.01.03"]
[SourceVersion "1"]
[SourceVersionDate "2024.01.03"]
[SourceQuality "1"]

1. e4 c5 2. c3 d5 3. exd5 Qxd5 4. Nf3 Nf6 5. d4 e6 6. Na3 Nc6 7. Nb5 Qd8 8. dxc5 Bxc5 9. Qxd8+ Kxd8 10. b4 Bb6 11. Nd6 Ke7 12. Nc4 Ne4 13. b5 Bxf2+ 14. Ke2 Nb8 15. Ba3+ Ke8 16. Ng5 Nxg5 17. Nd6+ Kd7 18. Kxf2 f5 19. Rd1 Kc7 20. h4 Ne4+ 21. Nxe4 fxe4 22. Ke3 Nd7 23. Be2 a6 24. bxa6 b6 25. Bb5 Nc5 26. Rhf1 Ra7 27. c4 Kb8 28. Rd6 Rc7 29. Rxb6+ Ka7 30. Rd6 Bxa6 31. Bxc5+ Rxc5 32. Rxa6+ 1-0

[Event "Wch Blitz"]
[Site "Samarkand"]
[Date "2023.12.29"]
[Round "6"]
[White "Pranesh, M."]
[Black "Mamedov, Rauf"]
[Result "0-1"]
[WhiteElo "2523"]
[BlackElo "2651"]
[PlyCount "67"]
[EventDate "2023.12.29"]
[EventType "swiss (blitz)"]
[EventRounds "21"]
[EventCountry "UZB"]
[SourceTitle "CB01_2024"]
[SourceDate "2024.01.03"]
[SourceVersion "1"]
[SourceVersionDate "2024.01.03"]
[SourceQuality "1"]

1. e4 c5 2. Nf3 d6 3. d4 cxd4 4. Nxd4 Nf6 5. Nc3 g6 6. f3 Bg7 7. Be3 Nc6 8. Qd2 0-0 9. 0-0-0 d5 10. exd5 Nxd5 11. Nxc6 bxc6 12. Bd4 Bxd4 13. Qxd4 Qb6 14. Na4 Qa5 15. b3 Qc7 16. Bc4 Rd8 17. g3 Bf5 18. Qc5 Qe5 19. Qd4 Qc7 20. Qc5 Qe5 21. Qd4 Qd6 22. Qc5 Qf6 23. c3 Nb6 24. Kb2 Nxa4+ 25. bxa4 Be6 26. Bxe6 Qxe6 27. Ka3 Qe2 28. Rde1 Qg2 29. Reg1 Qxf3 30. Rf1 Qd5 31. Qxe7 Re8 32. Qb4 Rab8 33. Qd4 Qxd4 34. Ra1 0-1

[Event "Wch Rapid"]
[Site "Samarkand"]
[Date "2023.12.27"]
[Round "6"]
[White "Gareyev, Timur"]
[Black "Mamedov, Rauf"]
[Result "1/2-1/2"]
[WhiteElo "2570"]
[BlackElo "2651"]
[PlyCount "64"]
[EventDate "2023.12.26"]
[EventType "swiss (rapid)"]
[EventRounds "13"]
[EventCountry "UZB"]
[SourceTitle "CB01_2024"]
[SourceDate "2024.01.03"]
[SourceVersion "1"]
[SourceVersionDate "2024.01.03"]
[SourceQuality "1"]

1. d4 d5 2. c4 e6 3. Nf3 Nf6 4. e3 c5 5. cxd5 exd5 6. Bb5+ Nc6 7. 0-0 cxd4 8. exd4 Bd6 9. Re1+ Be6 10. Nc3 0-0 11. Bg5 a6 12. Bd3 Be7 13. h3 h6 14. Bf4 Bd6 15. Qd2 Bxf4 16. Qxf4 Nh5 17. Qd2 Qf6 18. Re3 Nf4 19. Rae1 Nxd3 20. Qxd3 Rac8 21. Ne5 Nxe5 22. dxe5 Qh4 23. Ne2 Qb4 24. Nd4 Qxb2 25. f4 Rc4 26. Rd1 Rfc8 27. f5 Rc3 28. Qe2 Qxe2 29. Rxe2 Bd7 30. e6 Ba4 31. Rdd2 Re8 32. Kh2 Rc4 1/2-1/2

[Event "Wch Rapid"]
[Site "Samarkand"]
[Date "2023.12.26"]
[Round "2"]
[White "Karthik, Venkataraman"]
[Black "Mamedov, Rauf"]
[Result "0-1"]
[WhiteElo "2609"]
[BlackElo "2651"]
[PlyCount "78"]
[EventDate "2023.12.26"]
[EventType "swiss (rapid)"]
[EventRounds "13"]
[EventCountry "UZB"]
[SourceTitle "CB01_2024"]
[SourceDate "2024.01.03"]
[SourceVersion "1"]
[SourceVersionDate "2024.01.03"]
[SourceQuality "1"]

1. e4 c5 2. Nf3 Nc6 3. Nc3 g6 4. Bb5 Bg7 5. d3 d6 6. e5 dxe5 7. Bxc6+ bxc6 8. Qe2 f6 9. Be3 Nh6 10. Bxc5 Nf5 11. Ne4 0-0 12. c3 Nd6 13. 0-0 a5 14. Rfd1 Be6 15. h3 Bf7 16. Ng3 Bd5 17. b3 a4 18. c4 Bf7 19. b4 a3 20. Rac1 Nb7 21. Be3 Nd6 22. Bc5 Nb7 23. Be3 Nd6 24. Bd2 Qc8 25. Ne4 Rd8 26. Nc5 g5 27. d4 g4 28. hxg4 Qxg4 29. dxe5 Bxc4 30. Qe3 Nf5 31. Qc3 Bd5 32. e6 Bxa2 33. Nb7 Rdc8 34. Re1 Bd5 35. Na5 a2 36. Re2 Bxf3 37. Qxf3 Qxf3 38. gxf3 Nd4 39. Re3 Bh6 0-1

[Event "Wch Rapid"]
[Site "Samarkand"]
[Date "2023.12.26"]
[Round "5"]
[White "Vachier Lagrave, Maxime"]
[Black "Mamedov, Rauf"]
[Result "1/2-1/2"]
[WhiteElo "2731"]
[BlackElo "2651"]
[PlyCount "41"]
[EventDate "2023.12.26"]
[EventType "swiss (rapid)"]
[EventRounds "13"]
[EventCountry "UZB"]
[SourceTitle "CB01_2024"]
[SourceDate "2024.01.03"]
[SourceVersion "1"]
[SourceVersionDate "2024.01.03"]
[SourceQuality "1"]

1. e4 c5 2. Nf3 Nc6 3. Bb5 Nf6 4. Nc3 Qc7 5. 0-0 Nd4 6. Re1 a6 7. Bf1 d6 8. Nxd4 cxd4 9. Nd5 Nxd5 10. exd5 g6 11. d3 Bg7 12. Bg5 e5 13. dxe6 Bxe6 14. Be2 0-0 15. Bf3 Rac8 16. Re2 Qb6 17. b3 Rc5 18. Qd2 Rfc8 19. h4 h5 20. Rae1 Be5 21. g3 1/2-1/2